<?xml version="1.0" encoding="UTF-8"?>
<marc:record xmlns:marc="http://www.loc.gov/MARC21/slim">
   <marc:leader>00000nam a2200000 a 4500</marc:leader>
   <marc:datafield ind1="1" ind2=" " tag="100">
      <marc:subfield code="a">Gephart, Donna</marc:subfield>
      <marc:subfield code="4">aut</marc:subfield>
      <marc:subfield code="e">Verfasser/-in</marc:subfield>
   </marc:datafield>
   <marc:datafield ind1="1" ind2=" " tag="100">
      <marc:subfield code="a">Haskins Houran, Lori</marc:subfield>
      <marc:subfield code="4">aut</marc:subfield>
      <marc:subfield code="e">Verfasser/-in</marc:subfield>
   </marc:datafield>
   <marc:datafield ind1="0" ind2="0" tag="245">
      <marc:subfield code="a">Willkommen im Hotel Bellwuff</marc:subfield>
   </marc:datafield>
   <marc:datafield ind1="0" ind2="0" tag="245">
      <marc:subfield code="c">Donna Gephart und Lori Haskins Houran ; mit Illustrationen von Josh Cleland ; aus dem amerikanischen Englisch von Elisabeth Leuthardt</marc:subfield>
   </marc:datafield>
   <marc:datafield ind1=" " ind2="1" tag="264">
      <marc:subfield code="a">München</marc:subfield>
      <marc:subfield code="b">DTV</marc:subfield>
      <marc:subfield code="c">2026</marc:subfield>
   </marc:datafield>
   <marc:datafield ind1="1" ind2=" " tag="520">
      <marc:subfield code="a">Quelle: bn.bibliotheksnachrichten (http://www.biblio.at/literatur/bn/index.html); #Autor: Ilse Hübner; #Was in einem Hundehotel so alles schiefgehen kann. (ab 6) (JE)#Rufus ist der Portier des Fünf-Sterne-Hotels Bellwuff, in dem nur Hunde empfangen werden. Er hat alle Pfoten voll zu tun, um seine haarigen Gäste zufriedenzustellen. Besonders nervös wird er, wenn prominente Besucher anreisen, etwa eine berühmte Schauspielerin, eine Golden-Retriever-Hündin, die einfach einmal ausspannen möchte und nicht von tausend Fans belagert werden will. Trotz riesigem Sonnenhut und teurer Sonnenbrille wird sie von den hinter den Büschen lauernden, vierbeinigen Fotografen erkannt.#Rufus ist verzweifelt und holt seine Chefin Fräulein Coco. Sie ist von Schnauze bis Schwanz schwarz, deutlich kleiner als Rufus, führt im Hundehotel jedoch ein strenges Regiment. Gemeinsam überlegen sie, wie sie dem Filmstar die gewünschte Ruhe verschaffen können. Noch schwieriger wird es beim nächsten prominenten Gast: einem großen Schäferhund und bekannten Schriftsteller, der panische Angst vor Dunkelheit und Geistern hat. Und als wäre das nicht genug, werden schließlich auch noch Hundeflöhe im Hotel entdeckt. Wird Rufus  der in Stresssituationen immer laut pupsen muss  für all diese Probleme eine Lösung finden?#Eine heitere und fantasievolle Hundegeschichte rund um Rufus und das Hotel Bellwuff. Die liebevollen Illustrationen unterstreichen die humorvolle Erzählung und machen das Buch besonders anschaulich. Gut geeignet zum Vorlesen!</marc:subfield>
   </marc:datafield>
   <marc:datafield ind1=" " ind2=" " tag="020">
      <marc:subfield code="a">9783423766166</marc:subfield>
      <marc:subfield code="9">9783423766166</marc:subfield>
   </marc:datafield>
   <marc:datafield ind1=" " ind2=" " tag="041">
      <marc:subfield code="a">ger</marc:subfield>
   </marc:datafield>
   <marc:datafield ind1=" " ind2=" " tag="300">
      <marc:subfield code="a">151 Seiten</marc:subfield>
   </marc:datafield>
</marc:record>
